000 01640nam2a22002651 4500
001 rc\4146804
005 20250610124011.0
021 _aRU
_b[52-32800]
035 _a(NLR Aleph) 007904121
090 _a8056313
_c8056313
100 _a20130415d1952 |||y0rusy50 ca
101 0 _arus
102 _aRU
105 _ay z |||||
200 1 _a[В.А. Соллогуб, А.В. Дружинин, Говорилин (А.Я. Кульчицкий), Н. Станицкий (А.Я. Панаева), А.Ф. Писемский, И.Т. Кокорев, А.Н. Плещеев, М.И. Михайлов]
210 _d1952
_aБ. м.
215 _a783 с.
461 0 _1001rc\4146802
_12001#$aРусские повести XIX века 40-х - 50-х годов$f[Подготовка текста, вступ. статья, с. V-XLVIII, и примеч. Б.С. Мейлаха]. Т. 1-$vТ. 2
_98056304
_cМосква
_d1952
_f[Подготовка текста, вступ. статья, с. V-XLVIII, и примеч. Б.С. Мейлаха]. Т. 1-
_nГослитиздат
_tРусские повести XIX века 40-х - 50-х годов
_vТ. 2
464 0 _1701#1$aСоллогуб$bВ. А.$gВладимир Александрович$f1813-1882$3RU\NLR\AUTH\7754370
_1701#1$aДружинин$bА.В.
_1701#1$aГоворилин$6z01790
_1701#1$aСтаницкий$bН.$6z02790
_1701#1$aПисемский$bА.Ф.
_1701#1$aКокорев$bИ.Т.
_1701#1$aПлещеев$bА.Н.
_1701#1$aМихайлов$bМ.И.
801 0 _aRU
_bNLR
_gpsbo
801 1 _aRU
_bELAR
_2rusmarc
852 _aNLR
_jЛ30 Г-5/675
942 _cBOOK
980 _aNB